Ч. 1 : Физиология зрения; Физиология сенсорных систем

Chi tiết về thư mục
Parent link:Физиология сенсорных систем/ Академия наук СССР (АН СССР), Объединенный научный совет " Физиология человека и животных". Ч. 1 : Физиология зрения.— , 1971
Ngôn ngữ:Tiếng Nga
Được phát hành: 1971
Những chủ đề:
Định dạng: MixedMaterials Sách
KOHA link:https://koha.lib.tpu.ru/cgi-bin/koha/opac-detail.pl?biblionumber=289420

MARC

LEADER 00000nam2a2200000 4500
001 289420
005 20231102000203.0
035 |a (RuTPU)RU\TPU\book\313926 
090 |a 289420 
100 |a 20150401d1971 k y0rusy50 ca 
101 0 |a rus 
102 |a RU 
105 |a a z 001zy 
200 0 |a Ч. 1 : Физиология зрения 
210 |d 1971 
215 |a 416 с.  |c ил. 
320 |a Библиогр.: с. 365-394. 
320 |a Предметный указатель: с. 395-403. 
320 |a Именной указатель: с. 404-413. 
461 1 |0 (RuTPU)RU\TPU\book\299915  |t Физиология сенсорных систем  |f Академия наук СССР (АН СССР), Объединенный научный совет " Физиология человека и животных"  |v Ч. 1 : Физиология зрения  |d 1971  |s Руководство по физиологии 
606 1 |a Зрение  |x Физиология  |2 stltpush  |3 (RuTPU)RU\TPU\subj\11927  |9 38798 
610 1 |a сенсорные системы 
610 1 |a зрительная система 
610 1 |a оптика 
610 1 |a фоторецепторы 
610 1 |a нейрофизиология 
610 1 |a световая чувствительность 
610 1 |a зрительные образы 
675 |a 612.84  |v 3 
801 1 |a RU  |b 63413507  |c 20150401 
801 2 |a RU  |b 63413507  |c 20171011  |g RCR 
942 |c BK